000 00760nam a22002297a 4500
005 20251017161825.0
010 _aENG-146310-311
020 _a9788194915676(Set of 3 Vol)
_c1398.00
035 _aEN-129842-843
037 _bDBAD
082 _a546.076
_21
100 _aBhatia, K. N
_985506
245 _aObjective Biology For Neet Exam Conducted By Nta Set Of 3 Vol/
_cK.N Bhatia [and] K. Bhatia
250 _a1
260 _aNew Delhi
_b S. Dinesh & Co.
_c2025
270 _bNew Delhi
_aGali No 3, Mohalla Panjabian, Ansari Road, Darya Ganj
_k011-23250628
_msdineshbengaluru@rediffmail.com
300 _a1439p.
_b28cm(pb)
490 _v2,3
500 _a
700 _aBhatia, K.
_eAuthor
_985507
942 _2ddc
_cEN
_h574.076
_mBHA
999 _c212875
_d212875